Aspects juridiques de la représentation ouvrière dans les entreprises en Pologne
Elmentve itt :
| Szerző: | |
|---|---|
| Dokumentumtípus: | Cikk |
| Megjelent: |
1962
|
| Sorozat: | Kolligátum
|
| Kulcsszavak: | Munkajog - lengyel |
| Online Access: | http://misc.bibl.u-szeged.hu/23364 |
| LEADER | 00588nab a2200169 i 4500 | ||
|---|---|---|---|
| 001 | misc23364 | ||
| 005 | 20191111110348.0 | ||
| 008 | 170720s1962 hu o 0|| zxx d | ||
| 040 | |a SZTE Miscellanea Repozitórium |b hun | ||
| 041 | |a zxx | ||
| 100 | 1 | |a Modliński Eugeniusz | |
| 245 | 1 | 0 | |a Aspects juridiques de la représentation ouvrière dans les entreprises en Pologne |h [elektronikus dokumentum] / |c Modliński Eugeniusz |
| 260 | |c 1962 | ||
| 300 | |a 1-19 | ||
| 490 | 0 | |a Kolligátum | |
| 695 | |a Munkajog - lengyel | ||
| 856 | 4 | 0 | |u http://misc.bibl.u-szeged.hu/23364/1/87564_001-019.pdf |z Dokumentum-elérés |